|
|
|
|
| LEADER |
00000nam0a2200000 4500 |
| 001 |
14404 |
| 005 |
20231030185651.0 |
| 010 |
|
|
|a 5884171056
|
| 035 |
|
|
|a (RuTPU)RU\TPU\book\14497
|
| 035 |
|
|
|a BOOK00014566
|
| 090 |
|
|
|a 14404
|
| 100 |
|
|
|a 20011209d1997 km y0rusy50 ca
|
| 101 |
0 |
|
|a rus
|
| 102 |
|
|
|a RU
|
| 105 |
|
|
|a a z 000zy
|
| 200 |
1 |
|
|a Мир художественного литья
|e История технологии
|f Н. И. Бех, В. А. Васильев, Э. Ч. Гини, А. М. Петриченко
|
| 210 |
|
|
|a Москва
|c Металлург
|d 1997
|
| 215 |
|
|
|a 272 с.
|c ил.
|
| 610 |
1 |
|
|a художественное литье
|
| 610 |
1 |
|
|a технология
|
| 610 |
1 |
|
|a история
|
| 610 |
1 |
|
|a модельные составы
|
| 610 |
1 |
|
|a ювелирное литье
|
| 610 |
1 |
|
|a декоративно-прикладное искусство
|
| 675 |
|
|
|a 739
|v 3
|
| 701 |
|
1 |
|a Бех
|b Н. И.
|
| 701 |
|
1 |
|a Васильев
|b В. А.
|
| 701 |
|
1 |
|a Гини
|b Э. Ч.
|
| 701 |
|
1 |
|a Петриченко
|b А. М.
|
| 801 |
|
0 |
|a RU
|b 63413507
|c 20011209
|g PSBO
|
| 801 |
|
2 |
|a RU
|b 63413507
|c 20080211
|g PSBO
|
| 942 |
|
|
|c BK
|